| 000 | 00489nam a22001817a 4500 | ||
|---|---|---|---|
| 003 | OSt | ||
| 005 | 20250904121427.0 | ||
| 008 | 250904b |||||||| |||| 00| 0 eng d | ||
| 020 | _a9789355730305 | ||
| 082 |
_a658.872 _bK14C |
||
| 100 | _aKapoor, Neeru | ||
| 245 |
_aConcept building approach to digital marketing _cBy Neeru Kapoor |
||
| 250 | _a2nd ed | ||
| 260 |
_aIndia _bCengage learning india _c2022 |
||
| 300 |
_axiv; 186p. _ePbk |
||
| 653 | _aDigital marketing | ||
| 942 |
_2ddc _cBK |
||
| 999 |
_c28862 _d28862 |
||